[Event "Toronto NAYCC U16"]
[Site "Toronto"]
[Date "2013.08.17"]
[Round "6"]
[White "Jeyapragasan, Kuhan"]
[Black "Mattekatt, Joe"]
[Result "1-0"]
[WhiteElo "1768"]
[BlackElo "871"]
[PlyCount "115"]
[EventDate "2013.08.14"]
[EventType "swiss"]
[EventRounds "9"]
[EventCountry "CAN"]
[SourceTitle "EXT 2022"]
[Source "ChessBase"]
[SourceDate "2021.10.06"]
[SourceVersion "1"]
[SourceVersionDate "2021.10.06"]
[SourceQuality "1"]

1. d4 d5 2. Nf3 Nc6 3. e3 Nf6 4. b3 Bf5 5. Bd3 Bxd3 6. Qxd3 e6 7. a3 Bd6 8. Bb2 0-0 9. Ne5 Bxe5 10. dxe5 Ng4 11. f4 Qh4+ 12. g3 Qh3 13. Qe2 Ne7 14. Nd2 Nf5 15. Nf1 f6 16. exf6 Nxf6 17. 0-0-0 Qg4 18. Qg2 Nh4 19. Qg1 Nf3 20. Qf2 Ne4 21. Qe2 Ne5 22. Qe1 Nf3 23. h3 Nxe1 24. hxg4 Nf2 25. Rxe1 Nxh1 26. Re2 g5 27. Be5 c6 28. Rh2 Nxg3 29. Nxg3 gxf4 30. exf4 Rf7 31. Rh6 Raf8 32. Rxe6 Rxf4 33. Bxf4 Rxf4 34. Nf5 Kf7 35. Re7+ Kg6 36. Rg7+ Kf6 37. Rxh7 Rxg4 38. Ne3 Rg7 39. Rxg7 Kxg7 40. Nf5+ Kf6 41. Nd6 b5 42. Nc8 a6 43. Nd6 Ke6 44. Nb7 Ke5 45. Nc5 a5 46. Nb7 a4 47. bxa4 bxa4 48. Nc5 Kd4 49. Nxa4 Kc4 50. Kb2 d4 51. Nb6+ Kb5 52. Nd7 Kc4 53. Nf6 c5 54. Ne4 Kb5 55. Nd2 c4 56. c3 d3 57. Ka2 Kc5 58. a4 1-0

[Event "CAN-ch U14"]
[Site "Windsor"]
[Date "2010.07.07"]
[Round "4"]
[White "Jeyapragasan, Kuhan"]
[Black "Granville, Matt"]
[Result "1-0"]
[WhiteElo "1147"]
[BlackElo "893"]
[PlyCount "53"]
[EventDate "2010.07.06"]
[EventType "swiss"]
[EventRounds "7"]
[EventCountry "CAN"]
[SourceTitle "EXT 2012"]
[Source "ChessBase"]
[SourceDate "2011.11.24"]
[SourceVersion "1"]
[SourceVersionDate "2011.11.24"]
[SourceQuality "1"]

1. e4 e6 2. d4 Bb4+ 3. Bd2 Be7 4. Nf3 h6 5. c4 a5 6. Nc3 Nf6 7. Be2 0-0 8. 0-0 g6 9. Bxh6 Re8 10. Bf4 Kg7 11. Nb5 Rh8 12. Nxc7 Ng4 13. h3 Nf6 14. Nxa8 Qg8 15. Bxb8 Qh7 16. Ng5 Qh6 17. Bf4 Ng4 18. Nxe6+ Kg8 19. Bxh6 Rxh6 20. Bxg4 d6 21. Qd2 Bxe6 22. Qxh6 Bxg4 23. hxg4 d5 24. cxd5 Bb4 25. Nc7 Bf8 26. Qh4 g5 27. Qxg5+ 1-0